Tarık Bin Ziyad : (Record no. 200466712)

MARC details
000 -LEADER
fixed length control field 00806cam a2200289 i 4500
001 - CONTROL NUMBER
control field 200466712
003 - CONTROL NUMBER IDENTIFIER
control field TR-AnTOB
005 - DATE AND TIME OF LATEST TRANSACTION
control field 20251230103954.0
007 - PHYSICAL DESCRIPTION FIXED FIELD--GENERAL INFORMATION
fixed length control field ta
008 - FIXED-LENGTH DATA ELEMENTS--GENERAL INFORMATION
fixed length control field 251201n1991 tu e 000 1 tur d
020 ## - INTERNATIONAL STANDARD BOOK NUMBER
International Standard Book Number 9757715131
040 ## - CATALOGING SOURCE
Original cataloging agency TR-AnTOB
Language of cataloging eng
Description conventions rda
Transcribing agency TR-AnTOB
041 0# - LANGUAGE CODE
Language code of text/sound track or separate title Türkçe
050 #4 - LIBRARY OF CONGRESS CALL NUMBER
Classification number PL248 .D45
Item number T37 1991
090 ## - LOCALLY ASSIGNED LC-TYPE CALL NUMBER (OCLC); LOCAL CALL NUMBER (RLIN)
Classification number (OCLC) (R) ; Classification number, CALL (RLIN) (NR) PL248 .D45
Local cutter number (OCLC) ; Book number/undivided call number, CALL (RLIN) T37 1991
100 1# - MAIN ENTRY--PERSONAL NAME
Personal name Deliorman, Orhan
Relator term author
9 (RLIN) 151373
245 1# - TITLE STATEMENT
Title Tarık Bin Ziyad :
Remainder of title roman /
Statement of responsibility, etc. Orhan Deliorman.
264 #1 - PRODUCTION, PUBLICATION, DISTRIBUTION, MANUFACTURE, AND COPYRIGHT NOTICE
Place of production, publication, distribution, manufacture İstanbul :
Name of producer, publisher, distributor, manufacturer Şelale Yayınevi,
Date of production, publication, distribution, manufacture, or copyright notice 1991.
Date of production, publication, distribution, manufacture, or copyright notice ©1991
300 ## - PHYSICAL DESCRIPTION
Extent vii, 524 pages ;
Dimensions 20 cm
336 ## - CONTENT TYPE
Content type term text
Content type code txt
Source rdacontent
337 ## - MEDIA TYPE
Media type term unmediated
Media type code n
Source rdamedia
338 ## - CARRIER TYPE
Carrier type term volume
Carrier type code nc
Source rdacarrier
650 #0 - SUBJECT ADDED ENTRY--TOPICAL TERM
Topical term or geographic name entry element Turkish literature
9 (RLIN) 7783
942 ## - ADDED ENTRY ELEMENTS (KOHA)
Source of classification or shelving scheme Library of Congress Classification
Koha item type Book
Holdings
Withdrawn status Lost status Source of classification or shelving scheme Damaged status Not for loan Collection code Home library Current library Shelving location Date acquired Source of acquisition Inventory number Total Checkouts Full call number Barcode Date last seen Copy number Date shelved Koha item type Public note
    Library of Congress Classification Kullanılmış / Used Ödünç Verilebilir / Available Genel Koleksiyon Merkez Kütüphane Merkez Kütüphane Genel Koleksiyon / Main Collection 30/12/2025 Bağış / Donation TDE   PL248 .D45 T37 1991 0074259 30/12/2025 1 30/12/2025 Book Donated by Hasan Deniz
Devinim Yazılım Eğitim Danışmanlık tarafından Koha'nın orjinal sürümü uyarlanarak geliştirilip kurulmuştur.